| 000 | 00466nam a22001817a 4500 | ||
|---|---|---|---|
| 003 | dpl | ||
| 005 | 20180716120341.0 | ||
| 008 | 180716b xxu||||| |||| 00| 0 eng d | ||
| 020 |
_a8187649755 _c150.00 |
||
| 035 | _aB-099100 | ||
| 040 |
_aDPL _bEN _c0 |
||
| 082 | _aS | ||
| 100 | _aMuthuswamy,Na | ||
| 245 |
_aWaterness _cby Na Muthuswamy |
||
| 260 |
_aNew Delhi _bKatha _c2003 |
||
| 300 |
_a165p; _bincludes Biographical Notes _c20cm |
||
| 942 |
_2ddc _cEN _hS _mMUT |
||
| 999 |
_c154086 _d154086 |
||